| 000 | 00445nam a22002057a 4500 | ||
|---|---|---|---|
| 001 | sjds | ||
| 003 | sjds | ||
| 005 | 20230613202528.0 | ||
| 008 | 230613b |||||||| |||| 00| 0 spa d | ||
| 020 | _a9789683902382 | ||
| 020 | _a9683902383 | ||
| 040 | _csjds | ||
| 041 | _aspa | ||
| 100 | 0 | _aQuino | |
| 245 |
_aMafalda / _cQuino |
||
| 246 | _aMafalda five | ||
| 260 |
_aMexico : _bPromexa, _c1991 |
||
| 300 |
_a1 v. : _b il. ; |
||
| 942 | _cBK | ||
| 999 |
_c28164 _d28164 |
||